10 ostatnich mistrzów Polski w Piłce Nożnej - Statystyki

Ogólne statystyki
  • Ten quiz został rozwiązany 47 razy
  • Średni wynik to 11 z 11
Statystyki odpowiedzi
Hint Odpowiedź % Poprawnych
2024/2025 Lech
100%
2021/2022 Lech
100%
2014/2015 Lech
100%
2020/2021 Legia
100%
2019/2020 Legia
100%
2017/2018 Legia
100%
2016/2017 Legia
100%
2015/2016 Legia
100%
2022/2023 Raków
94%
2023/2024 Jagiellonia
85%
2018/2019 Piast
79%
Nie znaleziono quizów pasujących do podanych kryteriów
Rozkład punktacji
Procent ludzi z każdym wynikiem
Percentyl według liczby udzielonych odpowiedzi
Twoja historia wyników
Nie rozwiązałeś tego quizu